000 00490nam a2200169Ia 4500
999 _c20721
_d20721
003 OSt
005 20201106103402.0
008 190216s9999||||xx |||||||||||||| ||und||
040 _coclc
082 _a823
_bKIN/T
100 _a King, Elaine
_96309
245 0 _aTales And Legends Of India /
_cElaine King
260 _bNew Editions Publishing House,
_c1998.
_aNew delhi:
300 _a187p
650 _aIndian History
942 _cBK
_2ddc
_h823
_iKIN/T
_k823
_mKIN/T